|
|
|
|
| LEADER |
00000nam0a2200000 4500 |
| 001 |
358476 |
| 005 |
20231102011110.0 |
| 035 |
|
|
|a (RuTPU)RU\TPU\retro\15745
|
| 090 |
|
|
|a 358476
|
| 100 |
|
|
|a 20200818d1978 k y0rusy50 ca
|
| 101 |
0 |
|
|a rus
|
| 102 |
|
|
|a RU
|
| 105 |
|
|
|a a z 001zy
|
| 200 |
1 |
|
|a Ядерный магнитный резонанс в кристаллогидратах и гидратированных белках
|e [монография]
|f С. П. Габуда, А. Ф. Ржанин
|g Академия наук СССР, Сибирское отделение, Институт неорганической химии им. А. В. Николаева ; отв. ред. Б. И. Пещевицкий
|
| 210 |
|
|
|a Новосибирск
|c Наука
|d 1978
|
| 215 |
|
|
|a 160 с.
|c ил.
|
| 320 |
|
|
|a Библиогр.: с. 153-157
|
| 606 |
1 |
|
|a Кристаллогидраты
|2 stltpush
|3 (RuTPU)RU\TPU\subj\16319
|9 42432
|
| 606 |
1 |
|
|a Кристаллы
|x Исследование методом ЯМР
|2 stltpush
|3 (RuTPU)RU\TPU\subj\80355
|9 88080
|
| 610 |
1 |
|
|a ядра
|
| 610 |
1 |
|
|a локальные магнитные поля
|
| 610 |
1 |
|
|a вода
|
| 610 |
1 |
|
|a молекулы
|
| 610 |
1 |
|
|a диффузия
|
| 610 |
1 |
|
|a влияние
|
| 610 |
1 |
|
|a ядерный магнитный резонанс
|
| 610 |
1 |
|
|a спектры
|
| 610 |
1 |
|
|a цеолиты
|
| 610 |
1 |
|
|a глинистые минералы
|
| 610 |
1 |
|
|a межслоевое пространство
|
| 610 |
1 |
|
|a гидратированные белки
|
| 610 |
1 |
|
|a гидратные оболочки
|
| 610 |
1 |
|
|a строение
|
| 610 |
1 |
|
|a динамика
|
| 610 |
1 |
|
|a монографии
|
| 675 |
|
|
|a 548.56
|v 4
|
| 675 |
|
|
|a 548.75
|v 4
|
| 700 |
|
1 |
|a Габуда
|b С. П.
|g Святослав Петрович
|
| 701 |
|
1 |
|a Ржанин
|b А. Ф.
|g Александр Федорович
|
| 702 |
|
1 |
|a Пещевицкий
|b Б. И.
|4 340
|
| 712 |
0 |
2 |
|a Академия наук СССР
|b Сибирское отделение
|b Институт неорганической химии им. А. В. Николаева
|c (Новосибирск)
|2 stltpush
|3 (RuTPU)RU\TPU\col\12178
|9 25349
|
| 801 |
|
1 |
|a RU
|b 63413507
|c 20200818
|
| 801 |
|
2 |
|a RU
|b 63413507
|c 20210318
|g RCR
|
| 942 |
|
|
|c BK
|